Culture Générale - Série 719 - Statistiques

Statistiques générales
  • Ce quiz a été pris 174 fois
  • Le résultat moyen est 7 sur 10
Statistiques - réponses
Question Réponse % Correct
Complétez le titre du roman de Pierre Choderlos de Laclos, publié en 1782, "Les liaisons ... dangereuses
97%
Complétez le titre du film réalisé en 1963 par Georges Lautner, "Les Tontons ... flingueurs
95%
De combien d'armes du crime dispose-t-on dans un jeu de Cluedo standard ? 6
88%
Dans quel océan se situent les îles Kerguelen ? L'océan Indien
87%
L'élément dans lequel baigne le foetus, lorsqu'il est dans le ventre de sa mère, s'appelle le "liquide... amniotique
75%
Quel homme politique est devenu en 1922, le secrétaire général du Parti communiste de l'Union soviétique ? Joseph Staline
75%
En 1972, quel duo fait un tube avec la chanson “Made in Normandie” ? Stone et Charden
67%
A quelle romancière doit-on les romans : "La Chatte", "Sido" et "La Fin de Chéri" ? Colette
47%
Quel membre du parti nazi dirigea la Gestapo à partir de 1934 ? Himmler
43%
Dans quel comté anglais se trouve la ville de Canterbury ? Kent
12%
Aucun quiz correspondant
Distribution des résultats
% des personnes avec chaque résultat
Percentile par nombre de réponses
Votre historique - résultats
Vous n’avez pas pris ce quiz